000
00330nam a22001457a 4500
020
_a
81-8204-034-5
082
_a
641
_b
SUR
100
_a
SURJEET KUMAR
245
_a
FOOD SERVICES FACILITIES
260
_a
DELHI
_b
AMAN PUBLISHER
_c
2010
300
_a
285
650
_a
FOOD SERVICES
653
_a
FOOD ,FACILITIES
942
_2
ddc
_c
BK
999
_c
8099
_d
8099